000 00495nam a2200169Ia 4500
003 GCL
008 140319s9999 xx 000 0 ara d
040 _aGCL /
_cGCL
082 0 4 _aط
_b599.8
_bب ح
100 1 _aميشيل بورار
245 1 0 _aحيا القردة والقردة العليا /
_cميشيل بورار
300 _a6 ص
490 _aالهيئة العامة للاستعلامات
_v0
650 0 4 _aالاطفال
650 0 4 _aقصص الاطفال
942 _2ddc
_cBK
999 _c51459
_d51459